000 00336nam a2200145 a 4500
008 970530s1953||||xx 0 und c
040 _aSNK
_bslo
_cSNK
_eAACR2
100 1 _aHoza, Štefan
245 1 0 _aOpera na Slovensku 1
260 _aMartin
_bOsveta
_c1953
300 _a333 s.
020 _c7,20
041 _aslo
044 _axo
_cSK
999 _c15121
_d15121